Équipe du Real Madrid Champions League 2024/2025 - Statistiques

Statistiques générales
  • Ce quiz a été pris 110 fois
  • Le résultat moyen est 18 sur 25
Statistiques - réponses
Par images Réponse % Correct
Thibaut Courtois
99%
Antonio Rüdiger
90%
Aurelién Tchouaméni
90%
Eduardo Camavinga
90%
Kylian Mbappé
90%
Luka Modrić
90%
Vinícius Junior
90%
David Alaba
88%
Éder Militão
88%
Jude Bellingham
88%
Ferland Mendy
87%
Arda Güler
86%
Dani Carvajal
86%
Federico Valverde
85%
Rodrygo
85%
Andriy Lunin
81%
Endrick
78%
Brahim Díaz
69%
Fran García
68%
Lucas Vázquez
63%
Dani Ceballos
54%
Jesús Vallejo
46%
Sergio Mestre
9%
Lorenzo Aguado
7%
Kike Ribes
1%
Aucun quiz correspondant
Distribution des résultats
% des personnes avec chaque résultat
Percentile par nombre de réponses
Votre historique - résultats
Vous n’avez pas pris ce quiz